000 00558nam a2200181 a 4500
001 000027842
003 DO-SdBNP
005 20250709091638.0
008 110405s1988 dr 000 0 spa d
040 _aDO-SdBNP
_bspa
_cBNPHU
082 4 _axxx
_bB213c
_222
110 2 _aBanco Central de la República Dominicana
_983405
245 1 0 _aCuentas nacionales 1980-1984 :
_bproducto nacional bruto.
260 _aSanto Domingo :
_bBanco Central de la República Dominicana,
_c1988.
300 _a76 p. ;
_c28 cm.
500 _aIncluye anexos
942 _2ddc
_cLBS1
999 _c27334
_d27334